000 00739cam a22002533a 4500
001 9784
003 PGUSA
005 20140828083216.0
008 060101s2006||||xxu|||||s|||||000 | eng d
040 _aPGUSA
_beng
042 _adc
050 4 _aPR
100 1 _aNichol, John,
_d1833-1894
245 1 0 _aThomas Carlyle
_h[electronic resource] /
_cJohn Nichol
260 _bProject Gutenberg,
_c2006
506 _aPublic domain in the USA.
516 _aElectronic text
653 _aAuthors, Scottish -- 19th century -- Biography
653 _aHistorians -- Great Britain -- Biography
653 _aCarlyle, Thomas, 1795-1881
830 0 _aProject Gutenberg
_v9784
856 4 0 _uhttp://www.gutenberg.org/ebooks/9784
942 _cEB
999 _c239040
_d239040